000 00590nam a2200217Ia 4500
008 140429s9999 xx 000 0 und d
020 _a9789712347382
050 _aRM 216
_b.M478 2006
100 _aMcWilliams, Margaret
245 _aNutrition and diettetics /
_cMargaret McWilliams.
250 _a8th ed.
260 _aNew York :
_bPearson Prentice Hall,
_cc2006.
300 _a550 p. :
_bill. ;
_c26 cm.
500 _aIncludes index.
521 _aNUR
650 _aDiet in disease.
650 _aDiet Therapy.
650 _aDietetics.
942 _kFOR
_cBK
999 _c115679
_d115679